000
00337nam a2200145Ia 4500
008
130318s9999 xx 000 0 und d
020
_a
8178000148
082
_a
621.392 BHA/V
100
_a
Bhasker, J
245
_a
A VHDL synthesis primer
250
_a
2
260
_b
BS Publication
_a
Hyderabad
_c
1995
300
_a
296
650
_a
VHDL
999
_c
1676
_d
1676